Geography Quiz

Random Geography or City Quiz

U.S. Population Grid Quiz Stats

 Plays Quiz Updated Dec 23, 2016

Challenge
Share
Tweet
Score 0/50 Timer 10:00
11 Plays Today
% Correct
New York, NY
94.3%
Los Angeles, CA
93.6%
Seattle, WA
92.6%
Chicago, IL
89.2%
Dallas, TX
88.9%
Miami, FL
87.9%
Houston, TX
87.4%
New Orleans, LA
83.2%
Phoenix, AZ
81.6%
Denver, CO
81.4%
Detroit, MI
80.9%
Las Vegas, NV
79%
Minneapolis, MN
73.4%
Salt Lake City, UT
72.6%
Oklahoma City, OK
69.8%
Philadelphia, PA
69.5%
Boise, ID
64.7%
El Paso, TX
62%
Omaha, NE
60.6%
Jacksonville, FL
60%
San Jose, CA
59.9%
Baton Rouge, LA
59.7%
Memphis, TN
58.5%
Indianapolis, IN
53.9%
Birmingham, AL
53%
% Correct
Albuquerque, NM
52.2%
Charleston, SC
48%
Fargo, ND
47.9%
Pittsburg, NH
46.5%
Columbus, OH
44.3%
Pittsburgh, PA
44.1%
Billings, MT
43%
Bismarck, ND
40.7%
Spokane, WA
39%
Key West, FL
35.5%
Duluth, MN
33.5%
Bangor, ME
31.5%
Eugene, OR
30.9%
Lubbock, TX
26.4%
Missoula, MT
20.4%
Sault Ste. Marie, MI
14.5%
Marquette, MI
13.1%
Ft. Collins, CO
12.5%
Henderson, NV
8.2%
Santa Maria, CA
6.7%
Del Rio, TX
5.6%
Presque Isle, ME
4.7%
Greeley, CO
4%
Toms River, NJ
3%
Chalmette, LA
1.3%

You're not logged in!

Compare scores with friends on all Sporcle quizzes.
OR
Log In

You Might Also Like...

Show Comments

Extras

Top Quizzes Today


Score Distribution

Your Account Isn't Verified!

In order to create a playlist on Sporcle, you need to verify the email address you used during registration. Go to your Sporcle Settings to finish the process.

Report this User

Report this user for behavior that violates our Community Guidelines.

Details: